| 000 | 00412pab a2200169 454500 | ||
|---|---|---|---|
| 008 | 180718b2011 xxu||||| |||| 00| 0 eng d | ||
| 100 | _aUma, H.R. | ||
| 245 | _aLand reforms: Land reform a panacea for agricultural development | ||
| 260 | _c2011 | ||
| 300 | _ap.52-54. | ||
| 362 | _aOct | ||
| 650 | _aAgricultural development | ||
| 650 | _aLand reform | ||
| 773 | _aYojana | ||
| 908 | _aN | ||
| 909 | _a93201 | ||
| 999 |
_c93201 _d93201 |
||